00263nam a2200121Ia 45000030006000000080041000060400015000471000016000622450014000782600020000925460012001120050017001240STCL150530s9999 xx 000 0 und d aSTCLcSTCL aHenry James aEuropeans bMacmillanc1921 aEnglish20220125171021.0